000 00816aam a2200313 i 4500
001 768714001
003 CO-MdFUSB
005 20250828122448.0
007 ta
008 250828t1972 -us||||| |||| 00| 0 eng d
020 _a912106-01-8
040 _cCO-MdFUSB
041 0 _aeng
082 0 4 _223
_a248.86
_bB936o
100 1 _aBulle, Florencia
_eautor
245 1 0 _aLord of the valleys
_c/ Florence Bulle
264 1 _bLogos International,
_aPlainfield, New Jersey, USA :
_c[1972]
264 4 _c©1972
300 _a206 páginas
336 _atexto
_btxt
_2rdacontent
337 _2rdamedia
_asin mediación
_bn
338 _2rdacarrier
_avolumen
_bnc
563 _aRústico
650 0 _aVida cristiana
_919
653 _aSalud mental
942 _cBK
945 _aJTF-925
999 _c36208
_d36208